[Event "Muensterland Verbandsklasse 2122"]
[Site "Germany"]
[Date "2021.09.25"]
[Round "1.6"]
[White "Willermann, Norbert"]
[Black "Vera, Antonio"]
[Result "1-0"]
[WhiteElo "1604"]
[BlackElo "1669"]
[PlyCount "83"]
[EventDate "2021.??.??"]
[EventType "team"]
[EventRounds "9"]
[EventCountry "GER"]
[SourceTitle "Verband Muensterland"]
[SourceDate "2021.09.29"]
[SourceVersion "1"]
[SourceVersionDate "2021.09.29"]
[SourceQuality "1"]
[WhiteTeam "Emsdetten Rochade III"]
[BlackTeam "Hiltrup"]
[WhiteTeamCountry "GER"]
[BlackTeamCountry "GER"]

1. e4 c5 2. Nf3 d6 3. d4 cxd4 4. Nxd4 Nf6 5. Nc3 g6 6. Be3 Bg7 7. f3 O-O 8. Qd2
Nc6 9. Bc4 Bd7 10. O-O-O Rc8 11. Bb3 Ne5 12. g4 Nc4 13. Bxc4 Rxc4 14. h4 h5 15.
gxh5 Nxh5 16. Nde2 Qa5 17. Kb1 Rfc8 18. Nd5 Qb5 19. Nd4 Bxd4 20. Bxd4 Rxc2 21.
Nxe7+ Kh7 22. Qd3 R8c7 23. Qxb5 Bxb5 24. Nd5 Rc8 25. Nc3 R2xc3 26. Bxc3 Be2 27.
Rxd6 Bxf3 28. Re1 Kg8 29. Re3 Bg4 30. Red3 Kf8 31. Rd8+ Rxd8 32. Rxd8+ Ke7 33.
Rb8 Bf3 34. Rxb7+ Ke6 35. Rb4 Ng3 36. e5 Ne4 37. Bd4 a6 38. Kc2 Be2 39. b3 Kd5
40. Bb2 Bb5 41. a4 Bd7 42. Rd4+ 1-0

[Event "Muensterland Verbandsklasse 2122"]
[Site "Germany"]
[Date "2021.09.25"]
[Round "1.7"]
[White "May, Peter"]
[Black "Schmidt, Frank"]
[Result "0-1"]
[WhiteElo "1598"]
[BlackElo "1588"]
[PlyCount "82"]
[EventDate "2021.??.??"]
[EventType "team"]
[EventRounds "9"]
[EventCountry "GER"]
[SourceTitle "Verband Muensterland"]
[SourceDate "2021.09.29"]
[SourceVersion "1"]
[SourceVersionDate "2021.09.29"]
[SourceQuality "1"]
[WhiteTeam "Hiltrup"]
[BlackTeam "Emsdetten Rochade III"]
[WhiteTeamCountry "GER"]
[BlackTeamCountry "GER"]

1. e4 c6 2. d4 d5 3. Nc3 dxe4 4. Nxe4 Bf5 5. Ng3 Bg6 6. Nf3 Nf6 7. h4 h6 8. h5
Bh7 9. Bc4 e6 10. Qe2 Be7 11. Bf4 Nbd7 12. O-O-O Nd5 13. Be3 Qc7 14. a3 Bd6 15.
Kb1 Qb6 16. Rd3 Bxd3 17. Qxd3 Bxg3 18. fxg3 Nxe3 19. Qxe3 O-O-O 20. Rf1 Rhf8
21. c3 c5 22. d5 exd5 23. Bxd5 Rde8 24. Qd2 f6 25. Nh4 Ne5 26. Nf5 Rd8 27. Nxg7
Nc4 28. Be6+ Qxe6 29. Qxd8+ Rxd8 30. Nxe6 Nd2+ 31. Kc2 Nxf1 32. Nxd8 Kxd8 33.
g4 Kd7 34. Kd3 Nh2 35. Ke4 Ke6 36. Kf4 Nf1 37. b4 b6 38. a4 Nd2 39. a5 cxb4 40.
cxb4 bxa5 41. bxa5 a6 0-1

[Event "Muensterland Verbandsklasse 2122"]
[Site "Germany"]
[Date "2021.09.25"]
[Round "1.8"]
[White "Li, David"]
[Black "Schmidt, Juergen"]
[Result "0-1"]
[WhiteElo "1389"]
[BlackElo "1587"]
[PlyCount "134"]
[EventDate "2021.??.??"]
[EventType "team"]
[EventRounds "9"]
[EventCountry "GER"]
[SourceTitle "Verband Muensterland"]
[SourceDate "2021.09.29"]
[SourceVersion "1"]
[SourceVersionDate "2021.09.29"]
[SourceQuality "1"]
[WhiteTeam "Emsdetten Rochade III"]
[BlackTeam "Hiltrup"]
[WhiteTeamCountry "GER"]
[BlackTeamCountry "GER"]

1. Nf3 c5 2. e4 Nc6 3. Nc3 d6 4. g3 g6 5. Bg2 Bg7 6. O-O Nf6 7. d3 O-O 8. Bg5
a6 9. Ne2 Bg4 10. c3 Re8 11. Qc2 Rc8 12. Nf4 h6 13. Bxf6 Bxf6 14. Nd5 Bg7 15.
Ne3 Bd7 16. Rad1 b5 17. Qe2 Be6 18. a3 Bb3 19. Rd2 Na5 20. Re1 Ba4 21. d4 Nb3
22. Rd3 cxd4 23. Bh3 dxe3 24. Bxc8 exf2+ 25. Qxf2 Qxc8 26. Rf1 Rf8 27. Re3 Nc5
28. Nd4 Bb3 29. Rf3 Nxe4 30. Qe3 Bd5 31. Rf4 Ng5 32. Rh4 e5 33. Nc2 Qc5 34.
Qxc5 dxc5 35. Kf2 Nf3 36. Rh3 e4 37. g4 Bb3 38. Rc1 Bxc2 39. Rxc2 b4 40. Re2
bxc3 41. bxc3 Bxc3 42. Rc2 Bd4+ 43. Kf1 Kg7 44. Rg3 Re8 45. Ke2 Re6 46. Kd1 Rf6
47. Kc1 Ne5 48. Re2 Rf1+ 49. Kc2 e3 50. Rgg2 Rf2 51. Kb3 Nd3 52. Kc2 Nf4 53.
Rexf2 exf2 54. Rxf2 Bxf2 55. Kc3 Kf6 56. Kb3 Ke5 57. Ka4 Ke4 58. Ka5 c4 59. g5
hxg5 60. h4 gxh4 61. Kb4 Kd3 62. a4 c3 63. a5 c2 64. Kb3 c1=Q 65. Ka4 Qb1 66.
Ka3 Kc4 67. Ka4 Qb3# 0-1

[Event "Muensterland Verbandsklasse 2122"]
[Site "Germany"]
[Date "2021.09.25"]
[Round "1.1"]
[White "Kloenne, Tim"]
[Black "Frie, Michael"]
[Result "1-0"]
[WhiteElo "1817"]
[BlackElo "1865"]
[PlyCount "57"]
[EventDate "2021.??.??"]
[EventType "team"]
[EventRounds "9"]
[EventCountry "GER"]
[SourceTitle "Verband Muensterland"]
[SourceDate "2021.09.29"]
[SourceVersion "1"]
[SourceVersionDate "2021.09.29"]
[SourceQuality "1"]
[WhiteTeam "Gronau II"]
[BlackTeam "Muenster Indische Dame"]
[WhiteTeamCountry "GER"]
[BlackTeamCountry "GER"]

1. c4 Nf6 2. Nc3 g6 3. g3 Bg7 4. Bg2 O-O 5. Nf3 c6 6. O-O Qc7 7. d4 d6 8. Qc2
e5 9. dxe5 dxe5 10. Rd1 Nbd7 11. b3 Nc5 12. Ba3 Bf5 13. Qc1 b6 14. Bxc5 bxc5
15. Nh4 e4 16. Nxf5 gxf5 17. Qg5 Qe5 18. Rac1 h6 19. Qf4 Qxf4 20. gxf4 Rfd8 21.
Na4 Nh5 22. e3 Bf8 23. f3 Nf6 24. Bh3 exf3 25. Bxf5 Re8 26. Kf2 Ne4+ 27. Bxe4
Rxe4 28. Kxf3 Rae8 29. Rd3 1-0

[Event "Muensterland Verbandsklasse 2122"]
[Site "Germany"]
[Date "2021.09.25"]
[Round "1.2"]
[White "Tenberge, Norbert"]
[Black "Binger, Friedhelm"]
[Result "1/2-1/2"]
[WhiteElo "1792"]
[BlackElo "1692"]
[PlyCount "37"]
[EventDate "2021.??.??"]
[EventType "team"]
[EventRounds "9"]
[EventCountry "GER"]
[SourceTitle "Verband Muensterland"]
[SourceDate "2021.09.29"]
[SourceVersion "1"]
[SourceVersionDate "2021.09.29"]
[SourceQuality "1"]
[WhiteTeam "Muenster Indische Dame"]
[BlackTeam "Gronau II"]
[WhiteTeamCountry "GER"]
[BlackTeamCountry "GER"]

1. d4 d5 2. c4 e6 3. Nc3 Nf6 4. e3 c5 5. Nf3 Nc6 6. a3 Be7 7. dxc5 Bxc5 8. b4
Be7 9. cxd5 Nxd5 10. Nxd5 Qxd5 11. Qxd5 exd5 12. Bb2 O-O 13. Be2 a6 14. Rc1 Be6
15. O-O Rac8 16. Rfd1 Na7 17. h3 Rxc1 18. Rxc1 Rc8 19. Rxc8+ 1/2-1/2

[Event "Muensterland Verbandsklasse 2122"]
[Site "Germany"]
[Date "2021.09.25"]
[Round "1.3"]
[White "Schoewer Lingemann, Thorsten"]
[Black "Kluczka, Konrad"]
[Result "1/2-1/2"]
[WhiteElo "1719"]
[BlackElo "1785"]
[PlyCount "79"]
[EventDate "2021.??.??"]
[EventType "team"]
[EventRounds "9"]
[EventCountry "GER"]
[SourceTitle "Verband Muensterland"]
[SourceDate "2021.09.29"]
[SourceVersion "1"]
[SourceVersionDate "2021.09.29"]
[SourceQuality "1"]
[WhiteTeam "Gronau II"]
[BlackTeam "Muenster Indische Dame"]
[WhiteTeamCountry "GER"]
[BlackTeamCountry "GER"]

1. Nf3 d5 2. c4 e6 3. e3 Nf6 4. d4 Be7 5. Nbd2 O-O 6. Bd3 Nbd7 7. O-O Re8 8. b3
c5 9. Bb2 b6 10. e4 dxe4 11. Nxe4 Bb7 12. Qc2 Nxe4 13. Bxe4 Bxe4 14. Qxe4 Nf6
15. Qc2 Qc7 16. dxc5 Qxc5 17. Bd4 Qh5 18. Rad1 Red8 19. Be5 Ne8 20. Rxd8 Rxd8
21. Rd1 Rxd1+ 22. Qxd1 Qf5 23. h3 Kf8 24. Bb8 a5 25. Ne5 f6 26. Nd7+ Kg8 27.
Bg3 b5 28. cxb5 Qxb5 29. Nb8 e5 30. Qd7 Qxd7 31. Nxd7 Kf7 32. Nb8 Bd8 33. Nc6
Bc7 34. f3 Ke6 35. Be1 a4 36. bxa4 Kd5 37. Nb4+ Kc4 38. Kf1 Nd6 39. Ke2 Nf5 40.
Nc2 1/2-1/2

[Event "Muensterland Verbandsklasse 2122"]
[Site "Germany"]
[Date "2021.09.25"]
[Round "1.4"]
[White "Glotzbach, Thomas"]
[Black "Sprenger, Franz"]
[Result "1-0"]
[WhiteElo "1785"]
[BlackElo "1649"]
[PlyCount "53"]
[EventDate "2021.??.??"]
[EventType "team"]
[EventRounds "9"]
[EventCountry "GER"]
[SourceTitle "Verband Muensterland"]
[SourceDate "2021.09.29"]
[SourceVersion "1"]
[SourceVersionDate "2021.09.29"]
[SourceQuality "1"]
[WhiteTeam "Muenster Indische Dame"]
[BlackTeam "Gronau II"]
[WhiteTeamCountry "GER"]
[BlackTeamCountry "GER"]

1. e4 e5 2. Nf3 Nc6 3. Bb5 f5 4. exf5 Nf6 5. Qe2 d6 6. d4 Bxf5 7. dxe5 dxe5 8.
Nxe5 Be7 9. Nxc6 bxc6 10. Bxc6+ Kf7 11. Bxa8 Qxa8 12. O-O Bd6 13. Qb5 g6 14.
Be3 h5 15. Bd4 Rb8 16. Qc4+ Be6 17. Qe2 h4 18. h3 g5 19. Bxf6 Kxf6 20. Nc3 Bf5
21. Rfe1 Bb4 22. Qc4 Bxc3 23. Qxc3+ Kg6 24. Qe5 Qc6 25. Rad1 Qxc2 26. Rc1 Qxb2
27. Rc6+ 1-0

[Event "Muensterland Verbandsklasse 2122"]
[Site "Germany"]
[Date "2021.09.25"]
[Round "1.5"]
[White "Schlueter, Gerhard"]
[Black "Wichmann, Norbert"]
[Result "1/2-1/2"]
[WhiteElo "1632"]
[BlackElo "1757"]
[PlyCount "86"]
[EventDate "2021.??.??"]
[EventType "team"]
[EventRounds "9"]
[EventCountry "GER"]
[SourceTitle "Verband Muensterland"]
[SourceDate "2021.09.29"]
[SourceVersion "1"]
[SourceVersionDate "2021.09.29"]
[SourceQuality "1"]
[WhiteTeam "Gronau II"]
[BlackTeam "Muenster Indische Dame"]
[WhiteTeamCountry "GER"]
[BlackTeamCountry "GER"]

1. e4 d6 2. d4 Nc6 3. c3 e5 4. Be3 Nf6 5. Nd2 Ng4 6. Ngf3 Nxe3 7. fxe3 Be7 8.
d5 Nb8 9. h4 Bg4 10. Qa4+ Bd7 11. Qb3 Qc8 12. Bd3 a6 13. c4 c5 14. a4 O-O 15.
a5 Bg4 16. Qc3 Qc7 17. Nf1 Qd8 18. h5 Nd7 19. Ng3 Bxf3 20. gxf3 Bh4 21. Kf2
Bxg3+ 22. Kxg3 h6 23. Kf2 b6 24. b4 cxb4 25. Qxb4 Nc5 26. Bc2 Rb8 27. Ke2 bxa5
28. Qxa5 Rb2 29. Qc3 Rb8 30. f4 Qf6 31. fxe5 Qxe5 32. Qxe5 dxe5 33. Rhb1 Rbc8
34. Rb4 Rfd8 35. Bd3 Rd6 36. Rab1 Kf8 37. Rb8 Rxb8 38. Rxb8+ Ke7 39. Rc8 Nxd3
40. Kxd3 Rd8 41. Rc7+ Rd7 42. Rc8 Rd8 43. Rc7+ Rd7 1/2-1/2

[Event "Muensterland Verbandsklasse 2122"]
[Site "Germany"]
[Date "2021.09.25"]
[Round "1.6"]
[White "Ter Veen, Michael"]
[Black "Naber, Wolfgang"]
[Result "1/2-1/2"]
[WhiteElo "1613"]
[BlackElo "1588"]
[PlyCount "55"]
[EventDate "2021.??.??"]
[EventType "team"]
[EventRounds "9"]
[EventCountry "GER"]
[SourceTitle "Verband Muensterland"]
[SourceDate "2021.09.29"]
[SourceVersion "1"]
[SourceVersionDate "2021.09.29"]
[SourceQuality "1"]
[WhiteTeam "Muenster Indische Dame"]
[BlackTeam "Gronau II"]
[WhiteTeamCountry "GER"]
[BlackTeamCountry "GER"]

1. c4 e6 2. Nc3 d5 3. d4 Nf6 4. Nf3 Be7 5. Bg5 O-O 6. e3 Nbd7 7. Be2 b6 8. b3
Bb7 9. O-O c5 10. Rc1 Rc8 11. Qd2 dxc4 12. bxc4 Ne4 13. Nxe4 Bxe4 14. Bf4 Nf6
15. Rfd1 Bxf3 16. Bxf3 Bd6 17. Bxd6 Qxd6 18. Qc3 Rfd8 19. h3 Qe7 20. e4 cxd4
21. Rxd4 Rxd4 22. Qxd4 e5 23. Qb2 Rd8 24. Qb5 Rc8 25. Rd1 Rc5 26. Qa4 h6 27.
Kh2 Qc7 28. Be2 1/2-1/2

[Event "Muensterland Verbandsklasse 2122"]
[Site "Germany"]
[Date "2021.09.25"]
[Round "1.7"]
[White "Gerdes, Joachim"]
[Black "Blume, Heidrun"]
[Result "0-1"]
[WhiteElo "1301"]
[BlackElo "1603"]
[PlyCount "55"]
[EventDate "2021.??.??"]
[EventType "team"]
[EventRounds "9"]
[EventCountry "GER"]
[SourceTitle "Verband Muensterland"]
[SourceDate "2021.09.29"]
[SourceVersion "1"]
[SourceVersionDate "2021.09.29"]
[SourceQuality "1"]
[WhiteTeam "Gronau II"]
[BlackTeam "Muenster Indische Dame"]
[WhiteTeamCountry "GER"]
[BlackTeamCountry "GER"]

1. e4 d5 2. exd5 Qxd5 3. d4 Nf6 4. Nc3 Qa5 5. Bc4 Bg4 6. Nge2 c6 7. Bd2 Nbd7 8.
Nd5 Qd8 9. Nxf6+ Nxf6 10. c3 e6 11. O-O Bd6 12. Bg5 Bh5 13. Qc2 Bxh2+ 14. Kh1
Bd6 15. Nf4 h6 16. Bxf6 Qxf6 17. Nh3 Qh4 18. Kg1 g5 19. Rae1 O-O-O 20. Re4 g4
21. Rfe1 Bg6 22. Qb3 Bxe4 23. Rxe4 Kc7 24. Qa4 f5 25. Rxe6 gxh3 26. g3 Bxg3 27.
Qxa7 Bxf2+ 28. Kf1 0-1

[Event "Muensterland Verbandsklasse 2122"]
[Site "Germany"]
[Date "2021.09.25"]
[Round "1.8"]
[White "Bexten, Alwin"]
[Black "Schwabenland, Arthur"]
[Result "0-1"]
[WhiteElo "1572"]
[BlackElo "1246"]
[PlyCount "59"]
[EventDate "2021.??.??"]
[EventType "team"]
[EventRounds "9"]
[EventCountry "GER"]
[SourceTitle "Verband Muensterland"]
[SourceDate "2021.09.29"]
[SourceVersion "1"]
[SourceVersionDate "2021.09.29"]
[SourceQuality "1"]
[WhiteTeam "Muenster Indische Dame"]
[BlackTeam "Gronau II"]
[WhiteTeamCountry "GER"]
[BlackTeamCountry "GER"]

1. e4 c6 2. c4 g6 3. d4 Bg7 4. Nf3 d6 5. Nc3 Nf6 6. Be2 Nbd7 7. O-O Nb6 8. h3
O-O 9. Be3 Bd7 10. Qd2 e5 11. d5 cxd5 12. cxd5 a6 13. a4 Rc8 14. b3 Be8 15. a5
Nbd7 16. b4 Nb8 17. Bd3 Bd7 18. Rfc1 Re8 19. Bg5 Bf8 20. Qe3 Be7 21. Qa7 Rc7
22. Be3 Qc8 23. Bb6 Rxc3 24. Rd1 Bd8 25. Be3 Bb5 26. Bxb5 axb5 27. Ng5 h6 28.
Nxf7 Kxf7 29. a6 Re7 30. Rdc1 0-1

[Event "Muensterland Verbandsklasse 2122"]
[Site "Germany"]
[Date "2021.10.23"]
[Round "1.1"]
[White "Jacob, Helmut"]
[Black "Boerger, Andreas"]
[Result "1-0"]
[WhiteElo "2001"]
[BlackElo "1724"]
[PlyCount "79"]
[EventDate "2021.??.??"]
[EventType "team"]
[EventRounds "9"]
[EventCountry "GER"]
[SourceTitle "Verband Muensterland"]
[SourceDate "2021.09.29"]
[SourceVersion "1"]
[SourceVersionDate "2021.09.29"]
[SourceQuality "1"]
[WhiteTeam "Ochtrup"]
[BlackTeam "Reckenfeld"]
[WhiteTeamCountry "GER"]
[BlackTeamCountry "GER"]

1. e4 c5 2. d4 cxd4 3. c3 dxc3 4. Nxc3 Nc6 5. Nf3 e6 6. Bc4 a6 7. O-O d6 8. Qe2
Be7 9. Rd1 Qa5 10. Bf4 e5 11. Be3 Nf6 12. h3 h6 13. a3 O-O 14. b4 Qc7 15. Rac1
Qb8 16. Qa2 b5 17. Bd5 Bb7 18. Nd2 Nd8 19. Nf1 Re8 20. Ng3 Bf8 21. Bb3 Ne6 22.
f3 g6 23. Qd2 Kh7 24. Qa2 Kg7 25. Bf2 Qd8 26. Nf1 Qd7 27. Ne3 Nc7 28. Kh2 Rec8
29. Bg3 Re8 30. Bf2 Rac8 31. Bh4 Nh7 32. Rd3 Ne6 33. Bd5 Nf4 34. Rdd1 Bxd5 35.
Ncxd5 Nxd5 36. Nxd5 Rxc1 37. Rxc1 Ra8 38. Nb6 Qb7 39. Nxa8 Qxa8 40. Rc7 1-0

[Event "Muensterland Verbandsklasse 2122"]
[Site "Germany"]
[Date "2021.10.23"]
[Round "1.2"]
[White "Boeckmann, Dirk"]
[Black "Moor, Daniel"]
[Result "1/2-1/2"]
[WhiteElo "1704"]
[BlackElo "1881"]
[PlyCount "84"]
[EventDate "2021.??.??"]
[EventType "team"]
[EventRounds "9"]
[EventCountry "GER"]
[SourceTitle "Verband Muensterland"]
[SourceDate "2021.09.29"]
[SourceVersion "1"]
[SourceVersionDate "2021.09.29"]
[SourceQuality "1"]
[WhiteTeam "Reckenfeld"]
[BlackTeam "Ochtrup"]
[WhiteTeamCountry "GER"]
[BlackTeamCountry "GER"]

1. d4 Nf6 2. Nf3 c5 3. e3 cxd4 4. exd4 d6 5. Bf4 g6 6. c3 Bg7 7. Qc1 b6 8. Bb5+
Nbd7 9. Bh6 O-O 10. Bxg7 Kxg7 11. O-O Bb7 12. Nbd2 h5 13. Re1 Rh8 14. Bd3 Nd5
15. Ne4 Nf8 16. Qd2 Ne6 17. c4 Ndf4 18. Bc2 d5 19. cxd5 Nxd5 20. Bb3 h4 21. h3
Nef4 22. Rad1 Qc8 23. Bxd5 Nxd5 24. Neg5 Rh5 25. a3 Qf5 26. Re5 Qf6 27. Ne4 Qf4
28. Rxh5 gxh5 29. Re1 Qxd2 30. Nexd2 Rc8 31. Re5 Kh6 32. Nxh4 Rc1+ 33. Kh2 e6
34. g4 hxg4 35. hxg4 Nf4 36. Kg3 Nd3 37. Rh5+ Kg7 38. f3 Rg1+ 39. Ng2 Nxb2 40.
Rb5 Nd3 41. Rb1 Rxb1 42. Nxb1 Bc6 1/2-1/2

[Event "Muensterland Verbandsklasse 2122"]
[Site "Germany"]
[Date "2021.10.23"]
[Round "1.3"]
[White "Boshe Plois, Stefan"]
[Black "Holtmannspoetter, Michael"]
[Result "1/2-1/2"]
[WhiteElo "1838"]
[BlackElo "1601"]
[PlyCount "40"]
[EventDate "2021.??.??"]
[EventType "team"]
[EventRounds "9"]
[EventCountry "GER"]
[SourceTitle "Verband Muensterland"]
[SourceDate "2021.09.29"]
[SourceVersion "1"]
[SourceVersionDate "2021.09.29"]
[SourceQuality "1"]
[WhiteTeam "Ochtrup"]
[BlackTeam "Reckenfeld"]
[WhiteTeamCountry "GER"]
[BlackTeamCountry "GER"]

1. d4 Nf6 2. c4 g6 3. Nc3 Bg7 4. e4 d6 5. f3 O-O 6. Be3 e5 7. d5 c6 8. Bd3 Na6
9. Nge2 Nc7 10. Qd2 Nfe8 11. O-O-O cxd5 12. cxd5 f5 13. g3 Nf6 14. Rdf1 b5 15.
h4 b4 16. Nd1 fxe4 17. Bxe4 Ba6 18. g4 Bxe2 19. Qxe2 Ncxd5 20. Kb1 Nxe4 1/2-1/2

[Event "Muensterland Verbandsklasse 2122"]
[Site "Germany"]
[Date "2021.10.23"]
[Round "1.4"]
[White "Lachmuth, Matthias"]
[Black "Schmerling, Janek"]
[Result "0-1"]
[WhiteElo "1689"]
[BlackElo "1702"]
[PlyCount "59"]
[EventDate "2021.??.??"]
[EventType "team"]
[EventRounds "9"]
[EventCountry "GER"]
[SourceTitle "Verband Muensterland"]
[SourceDate "2021.09.29"]
[SourceVersion "1"]
[SourceVersionDate "2021.09.29"]
[SourceQuality "1"]
[WhiteTeam "Reckenfeld"]
[BlackTeam "Ochtrup"]
[WhiteTeamCountry "GER"]
[BlackTeamCountry "GER"]

1. Nf3 d5 2. b3 Bg4 3. e3 e5 4. h3 Bxf3 5. Qxf3 e4 6. Qd1 Qf6 7. c3 Bd6 8. Bb2
Be5 9. d4 Bd6 10. c4 c6 11. Ba3 Ne7 12. Bxd6 Qxd6 13. Nc3 O-O 14. a3 Nd7 15. c5
Qc7 16. b4 f5 17. g3 Nf6 18. Be2 Rf7 19. Qb3 Raf8 20. Rb1 g5 21. b5 f4 22. gxf4
gxf4 23. Kd2 Ng6 24. bxc6 bxc6 25. Rhg1 Kh8 26. Qd1 Nh4 27. Kc2 f3 28. Ba6 Qh2
29. Qf1 Ng2 30. Rb7 0-1

[Event "Muensterland Verbandsklasse 2122"]
[Site "Germany"]
[Date "2021.10.23"]
[Round "1.5"]
[White "Holtmannspoetter, Thomas"]
[Black "Merschkoetter, Peter"]
[Result "1/2-1/2"]
[WhiteElo "1729"]
[BlackElo "1647"]
[PlyCount "63"]
[EventDate "2021.??.??"]
[EventType "team"]
[EventRounds "9"]
[EventCountry "GER"]
[SourceTitle "Verband Muensterland"]
[SourceDate "2021.09.29"]
[SourceVersion "1"]
[SourceVersionDate "2021.09.29"]
[SourceQuality "1"]
[WhiteTeam "Ochtrup"]
[BlackTeam "Reckenfeld"]
[WhiteTeamCountry "GER"]
[BlackTeamCountry "GER"]

1. e4 e5 2. Nf3 Nf6 3. Bc4 Nc6 4. Ng5 d5 5. exd5 Na5 6. Bb5+ Bd7 7. Qe2 Nxd5 8.
Qxe5+ Qe7 9. Bxd7+ Kxd7 10. d4 f6 11. Qxe7+ Bxe7 12. Ne4 Rhe8 13. O-O Rad8 14.
Nbd2 f5 15. Ng3 g6 16. Nf3 Bd6 17. Bd2 Nc6 18. Rfe1 Rxe1+ 19. Rxe1 Re8 20. Rxe8
Kxe8 21. c4 Nf6 22. d5 Ne5 23. Nxe5 Bxe5 24. b4 a6 25. f3 Kd7 26. Ne2 c6 27.
dxc6+ Kxc6 28. Bc3 Kd6 29. Kf2 Nd7 30. c5+ Kd5 31. Bxe5 Kxe5 32. Ke3 1/2-1/2

[Event "Muensterland Verbandsklasse 2122"]
[Site "Germany"]
[Date "2021.10.23"]
[Round "1.6"]
[White "Roewekamp, Andre"]
[Black "Jacob, Barbara"]
[Result "0-1"]
[WhiteElo "1629"]
[BlackElo "1629"]
[PlyCount "54"]
[EventDate "2021.??.??"]
[EventType "team"]
[EventRounds "9"]
[EventCountry "GER"]
[SourceTitle "Verband Muensterland"]
[SourceDate "2021.09.29"]
[SourceVersion "1"]
[SourceVersionDate "2021.09.29"]
[SourceQuality "1"]
[WhiteTeam "Reckenfeld"]
[BlackTeam "Ochtrup"]
[WhiteTeamCountry "GER"]
[BlackTeamCountry "GER"]

1. e4 b6 2. d4 Bb7 3. Bd3 e6 4. Nf3 h6 5. a3 d6 6. O-O Nd7 7. Re1 g6 8. Bf4 Bg7
9. c3 Ne7 10. Qc2 O-O 11. Nbd2 e5 12. Be3 Qc8 13. Rac1 g5 14. h3 Ng6 15. Nf1
Nf6 16. Ng3 g4 17. hxg4 Nxg4 18. Nf5 Nxe3 19. Rxe3 Qd8 20. Qd2 Qf6 21. d5 Bc8
22. Nxg7 Kxg7 23. Nh2 Kh7 24. Be2 Rg8 25. Rg3 Qf4 26. Qxf4 Nxf4 27. Rxg8 Nxe2+
0-1

[Event "Muensterland Verbandsklasse 2122"]
[Site "Germany"]
[Date "2021.10.23"]
[Round "1.7"]
[White "Kaiser, Guenter"]
[Black "Roewekamp, Helmut"]
[Result "1-0"]
[WhiteElo "1642"]
[BlackElo "1625"]
[PlyCount "83"]
[EventDate "2021.??.??"]
[EventType "team"]
[EventRounds "9"]
[EventCountry "GER"]
[SourceTitle "Verband Muensterland"]
[SourceDate "2021.09.29"]
[SourceVersion "1"]
[SourceVersionDate "2021.09.29"]
[SourceQuality "1"]
[WhiteTeam "Ochtrup"]
[BlackTeam "Reckenfeld"]
[WhiteTeamCountry "GER"]
[BlackTeamCountry "GER"]

1. e4 e5 2. Nf3 Nc6 3. Bc4 Bc5 4. c3 Nf6 5. d3 a6 6. Bb3 O-O 7. Qe2 Be7 8. Nbd2
d6 9. O-O Bg4 10. h3 Bd7 11. Re1 Qb8 12. Nf1 Na5 13. Bc2 c5 14. Ng3 Nc6 15. Nh4
Qd8 16. Nhf5 Be6 17. Qf3 Re8 18. Bg5 Nd7 19. Bxe7 Nxe7 20. Nxd6 Rf8 21. Ndf5
Ng6 22. Nh5 Bxf5 23. exf5 Nh4 24. Qg4 g6 25. fxg6 fxg6 26. Ng3 Rf4 27. Qe6+ Kg7
28. Ne4 Rf7 29. Bb3 Rf5 30. Qd6 Nf8 31. Qxc5 Rc8 32. Qd5 Qc7 33. Nd6 Rg5 34.
Qg8+ Kf6 35. Ne4+ Kf5 36. Nxg5 Kxg5 37. Qd5 Re8 38. Qe4 Nf5 39. f4+ Kh6 40.
fxe5 Nd7 41. d4 Nf6 42. Qf4+ 1-0